Top 15 des capes en équipe de france de Rugby (XV) - Statistiques

Statistiques générales
  • Ce quiz a été pris 41 fois
  • Le résultat moyen est 7 sur 15
Statistiques - réponses
Rang Poste Période Nombre de capes Réponse % Correct
4 trois-quart 2013- en cours 94 Gaël Fickou
94%
1 2ème ligne 1995-2007 118 Fabien Pelous
86%
15 mêlée/ouverture 2001-2015 77 Frédéric Michalak
75%
13 3ème ligne 2006-2015 80 Thierry Dusautoir
75%
5 arrière 1980-1991 93 Serge Blanco
72%
8 1ère ligne 2003-2015 85 Nicolas Mas
64%
11 3ème ligne 2008-2019 82 Louis Picamoles
47%
3 1ère ligne 1996-2007 98 Raphaël Ibañez
47%
2 trois-quart 1982-1995 111 Philippe Sella
44%
11 3ème ligne 2002-2012 82 Imanol Harinordoquy
36%
6 3ème ligne 1997-2007 89 Olivier Magne
28%
10 1ère ligne 2004-2015 83 Dimitri Szarzewski
19%
14 2ème ligne 1990-2001 78 Abdelatif Benazzi
17%
7 trois-quart 2001-2011 86 Damien Traille
17%
9 1ère ligne 1998-2011 84 Sylvain Marconnet
14%
Aucun quiz correspondant
Distribution des résultats
% des personnes avec chaque résultat
Percentile par nombre de réponses
Votre historique - résultats
Vous n’avez pas pris ce quiz